000 00484nmm a2200169Ia 4500
008 251105s9999||||xx |||||||||||||||||und||
041 _acat
100 _aFernández-Vidal, Sonia
245 0 _aQuantic love
264 _a[Madrid, España] :
_bLa Galera,
_c2015
300 _a240 páginas
650 _aTeen & Young Adult Fiction
700 _aFernández-Vidal, Sonia
700 1 _a Vidal i Tubau, Jordi
856 _uhttps://public.digitaliapublishing.com/a/50607
942 _cCF
999 _c65415
_d65415